Normal view
MARC view
- اللافي، محمد الفاضل بن علي
Entry Personal Name
001 - CONTROL NUMBER
- control field: 52529
003 - CONTROL NUMBER IDENTIFIER
- control field: JO-AjAnu
005 - DATE AND TIME OF LATEST TRANSACTION
- control field: 20230606082632.0
008 - FIXED-LENGTH DATA ELEMENTS
- fixed length control field: 230606|| aca||aabn | a|a d
040 ## - CATALOGING SOURCE
- Original cataloging agency: JO-AjAnu
- Transcribing agency: JO-AjAnu
100 ## - HEADING--PERSONAL NAME
- Personal name: اللافي، محمد الفاضل بن علي
670 ## - SOURCE DATA FOUND
- Source citation: Work cat.: (JO-AjAnu)26843: اللافي، محمد الفاضل بن علي, author, دراسة العقائد النصرانية منهجية ابن تيمية ورحمت الله الهندي